Plena Ilustrita Vortaro de Esperanto: Represo de la tria eldono, Kun suplemento
Gorde:
| Formatua: | Liburua |
|---|---|
| Hizkuntza: | Undetermined |
| Argitaratua: |
París, Francia
Sennacieca Asocio Tutmonda
1987
|
| Gaiak: | |
| Etiketak: |
Etiketa erantsi
Etiketarik gabe, Izan zaitez lehena erregistro honi etiketa jartzen!
|
MARC
| LEADER | 00000nam a2200000Ia 4500 | ||
|---|---|---|---|
| 008 | 170316s9999 xx 000 0 und d | ||
| 040 | |a cru BVZT | ||
| 090 | |a R-413 P-1p ESPE | ||
| 245 | |a Plena Ilustrita Vortaro de Esperanto: Represo de la tria eldono, Kun suplemento | ||
| 260 | |a París, Francia | ||
| 260 | |b Sennacieca Asocio Tutmonda | ||
| 260 | |c 1987 | ||
| 300 | |a 1351 páginas | ||
| 650 | |a REFERENCIA |9 27 | ||
| 650 | |a PRÉSTAMO A DEPARTAMENTO |9 1393 | ||
| 650 | |a DICCIONARIO DE ESPERANTO |9 1915 | ||
| 942 | |c REF |2 z | ||
| 999 | |c 31002 |d 31002 | ||
